Real world research : (Record no. 33958)

MARC details
000 -LEADER
fixed length control field 00538nam a22001937a 4500
005 - DATE AND TIME OF LATEST TRANSACTION
control field 20231024150156.0
008 - FIXED-LENGTH DATA ELEMENTS--GENERAL INFORMATION
fixed length control field 231018b |||||||| |||| 00| 0 eng d
020 ## - INTERNATIONAL STANDARD BOOK NUMBER
ISBN 9780631213055
082 ## - DEWEY DECIMAL CLASSIFICATION NUMBER
Classification number 300.72
Item number ROB
100 ## - MAIN ENTRY--AUTHOR
Author Name Robson,Colin
245 ## - TITLE STATEMENT
Title Real world research :
Remainder of title A Resource for Social Scientists and Practitioner-Researchers
250 ## - EDITION STATEMENT
Edition statement 2nd ed.
260 ## - PUBLICATION, DISTRIBUTION, ETC.
Place of Publication USA
Name of publisher, distributor, etc. Black Well Publishing
Date of publication, distribution, etc. 2002
300 ## - PHYSICAL DESCRIPTION
Pages 598
500 ## - GENERAL NOTE
General note Subject Index is given.
650 ## - SUBJECT ADDED ENTRY--TOPICAL TERM
Subject / Department Social Sciences
700 ## - ADDED ENTRY--PERSONAL NAME
Personal name Colin Robson
952 ## - LOCATION AND ITEM INFORMATION (KOHA)
-- 0
-- 0
Holdings
Lost status Damaged status Collection code Permanent Location Current Location Shelving Location Date acquired Full Call Number Accession No./Barcode Date last seen item type Koha item type
    Science Superior Information Resource Center (SIRC) Superior University- Main Campus Superior Information Resource Center (SIRC) Superior University- Main Campus Social Sciences 10/18/2023 300.72 ROB-R 2002 20757 10/18/2023 BOOK BOOK

Powered by Koha